Digitálna fonotéka pre nevidiacich

Bibliographic Details
Main Author: Végh, Norbert (Author)
Format: Article
Language:Slovak
PhysicalDescription:Obr.
ISSN:1335-793X
Subjects:
Online Access:www.ctvisr.sk/itlib

MARC

LEADER 00000nab a2200000 ar4500
001 vtls011727191
003 SK-MaSNL
005 20260303083217.0
008 171213c2017 xo qr|p|||an |000 b|slo
015 |a SNBRB2017/12 
038 |a SPK 
040 |a SPKCL  |b slo  |c AACR2  |e AACR2 
041 0 |a slo  |b slo 
044 |a xo  |c SK 
072 7 |a 316  |x Sociológia  |2 konspekt 
072 7 |a 026  |x Odborné/špeciálne knižnice  |2 konspekt 
080 |a 316.344.6-056.262  |2 2001 
080 |a 026.062  |2 2001 
100 1 |a Végh, Norbert  |4 aut  |9 1089365 
245 1 0 |a Digitálna fonotéka pre nevidiacich  |c Norbert Végh 
300 |b Obr. 
504 |a Bibliogr. odkazy 
546 |a Res. slov. 
650 0 7 |a fonotéky  |2 snkbucl  |9 27104 
650 0 7 |a knižnica zvukových dokumentov  |2 snkbucl  |9 1089366 
650 0 7 |a nevidiaci  |2 snkbucl  |9 1243 
773 0 |t IT lib : informačné technológie a knižnice  |g Roč. 21, č. 3 (2017), s. 59-60  |x 1335-793X 
852 |a SPK  |b KIS3GCP 
856 4 1 |u www.ctvisr.sk/itlib 
958 |a NB  |2 spk 
999 |c 1790761  |d 1792691